LEADER 00920nam0-22003251i-450- 001 990006021530403321 005 20050530112725.0 035 $a000602153 035 $aFED01000602153 035 $a(Aleph)000602153FED01 035 $a000602153 100 $a20000112d1977----km-y0itay50------ba 101 0 $aita 102 $aIT 105 $ay-------001yy 200 1 $a<>eccezione narrativa$ela Provenza medievale e l'arte del racconto$fAlberto Limentani 210 $aTorino$cEinaudi$d1977 215 $aVIII, 329 p.$d21 cm 225 1 $aNuova biblioteca scientifica Einaudi$v60 676 $a849$v21$zita 700 1$aLimentani,$bAlberto$0154825 801 0$aIT$bUNINA$gRICA$2UNIMARC 901 $aBK 912 $a990006021530403321 952 $aCOLLEZ. 286 (60)$b2694*$fFGBC 952 $aF.Russo 159$fBAT 959 $aFGBC 959 $aBAT 996 $aEccezione narrativa$9142567 997 $aUNINA LEADER 00947nam a2200241 i 4500 001 991001358939707536 005 20020502191251.0 008 970529s|||| it ||| | ita 035 $ab11501376-39ule_inst 035 $aPRUMB59537$9ExL 040 $aDip. SSSC$bita 100 1 $aDeva, Ferruccio$0160732 245 12$aI nuovi programmi per la scuola elementare :$bil testo completo. Commento, Interpretazioni, indicazioni operative per una nuova didattica della lingua /$cFerruccio Deva 260 $aMilano :$bCetem,$cs.d. 300 $a223 p. ;$c28 cm. 490 0 $aInsegnare oggi 650 4$aScuola - Programmi 907 $a.b11501376$b01-03-17$c01-07-02 912 $a991001358939707536 945 $aLE021 DI4D69$g1$i2021000000300$lle021$o-$pE0.00$q-$rl$s- $t0$u0$v0$w0$x0$y.i11694713$z01-07-02 996 $aNuovi programmi per la scuola elementare$9813263 997 $aUNISALENTO 998 $ale021$b01-01-97$cm$da $e-$fita$git $h2$i1